000 00580nam a2200229Ia 4500
003 OSt
005 20220924113021.0
006 a|||||r|||| 00| 0
007 ta
008 220923b |||||||| |||| 00| 0 eng d
024 _a53910
037 _cDictionary
040 _aARTS
_cARTS
_beng
041 _2eng
_aeng
082 _aP11104:4k, L0
100 _aMajor Clarence
_9169329
245 0 _aDictionary of Afro-American slang
260 _c1970
650 _aLINGUISTICS
942 _hP11104:4k, L0
_cdic
_2cc
999 _c389000
_d389000